000 00558nam a22002051c 4500
001 a987660776
008 080429s2000 gw |||| 000u eng d
041 _aeng
245 0 0 _aStyle and Socialism :
_bModernity and material culture in Post-war Eastern Europe
264 _aOxford, New York :
_bKohlhammer,
_c2000
300 _a213 S.
650 0 _aAlltag
650 0 _aWirtschaft
650 0 _aLebensstandard
655 0 _aAufsatzsammlung
700 1 _aReid, Susan Emily
_eHerausgeberIn
942 _cMG
040 _cRU-10907106
003 RU-10907106
999 _c14635
_d14635